[Event "EICC 2019"]
[Site "Skopia"]
[Date "2019.03.26"]
[Round "8.20"]
[White "Christiansen, Johan-Sebastian"]
[Black "Chigaev, Maksim"]
[Result "1-0"]
[WhiteElo "2539"]
[BlackElo "2613"]
[Annotator "TA"]
[PlyCount "99"]
[EventDate "2019.03.18"]
[EventType "swiss"]
[EventCountry "MKD"]
[SourceTitle "playchess.com"]
[Source "ChessBase"]
[SourceQuality "1"]

{[%evp 20,99,28,42,41,37,22,27,26,24,38,9,15,15,49,57,35,64,91,93,86,92,147,138,167,148,154,164,259,173,190,154,159,159,159,163,164,168,256,250,248,247,260,254,260,254,275,287,297,284,283,206,304,227,238,0,313,304,297,311,309,317,311,311,374,314,310,274,426,424,487,468,532,514,937,962,994,920,2052,2009,1707,1460]} 1. Nf3 Nf6 2. c4 g6 3. g3 Bg7 4. Bg2 O-O 5. d4 d6 6. Nc3 c5 7. O-O Nc6 {[%cal Bb8c6,Bc6d4,Bd4c2][%mdl 32]} 8. dxc5 dxc5 9. Be3 Be6 10. Qa4 Nd4 11. Rad1 {[%cal Rf3d4]} Bd7 {E65: King's Indian: Fianchetto: 6...c5 7 0-0 without d5 by White} 12. Qa3 Nc2 $1 {[%cal Rc2a3]} 13. Qxc5 {Black must now prevent Bg5.} b6 $1 {[%cal Rb6c5] White has an edge.} 14. Qg5 {Strongly threatening Ne5.} h6 $1 {[%cal Rh6g5]} 15. Qf4 {aiming for Bc1.} g5 $1 {[%cal Rg5f4]} 16. Qe5 Ng4 (16... Rc8 17. Nd5 Nxd5 18. Qxd5 Nxe3 19. fxe3 {½-½ (46) Le,Q (2739)-Jumabayev,R (2602) Ashkhabad 2017}) 17. Qd5 {[#] Hoping for Bxg5.} Ncxe3 18. fxe3 Nf6 19. Qd3 {[#]} Bc6 $146 20. Nd5 Bxd5 ({Black should play} 20... Rc8) 21. cxd5 $16 Rc8 22. Nd4 Qc7 23. Nf5 Ne8 (23... Rfe8 $142 24. Qb3 Bf8) 24. Bh3 {Threatens to win with Rc1!} Rd8 25. Qe4 Nd6 26. Qxe7 Qxe7 27. Nxe7+ Kh8 28. b3 Rfe8 (28... h5 $142 29. Nf5 Be5 30. Nxd6 Rxd6) 29. Nc6 $18 Ra8 30. Rd3 a5 31. a4 Bb2 32. Bd7 Rf8 33. Bf5 Kg7 34. Kg2 Rae8 35. g4 Rh8 (35... Ba3 $142 36. e4 Nxe4 37. Bxe4 Rxe4) 36. Bd7 Re4 37. Bf5 Ree8 $1 38. e4 h5 39. e5 Rxe5 40. Nxe5 Bxe5 41. gxh5 Bf4 42. e3 Be5 43. e4 Kh6 (43... Rxh5 {is a better defense.} 44. Rh3 Rxh3 45. Bxh3 Nb7) 44. Rc1 {White is clearly winning.} g4 45. Bxg4 Rg8 46. h3 Nxe4 (46... Kg5 $142 47. Rf3 f6) 47. Rc6+ Kg5 48. d6 f5 49. d7 Rd8 50. Rg6+ {Accuracy: White = 87%, Black = 53%.} 1-0

[Event "EICC 2019"]
[Site "Skopia"]
[Date "2019.03.26"]
[Round "8.21"]
[White "Oparin, Grigoriy"]
[Black "Buhmann, Rainer"]
[Result "1-0"]
[WhiteElo "2613"]
[BlackElo "2568"]
[Annotator "TA"]
[PlyCount "101"]
[EventDate "2019.03.18"]
[EventType "swiss"]
[EventCountry "MKD"]
[SourceTitle "playchess.com"]
[Source "ChessBase"]
[SourceQuality "1"]

{[%evp 13,101,8,29,17,27,20,21,18,14,18,33,30,34,22,26,27,27,16,14,16,16,12,13,16,20,9,84,72,77,79,95,93,98,106,145,79,64,62,56,26,124,90,112,85,85,84,85,85,133,121,249,255,272,250,275,269,275,271,367,374,328,241,382,295,292,289,257,178,398,391,360,364,343,346,752,383,4133,1554,1507,1191,968,941,1020,1017,2952,1715,29990,29991,29993,211]} 1. Nf3 Nf6 2. c4 e6 3. g3 d5 4. Bg2 Be7 5. d4 O-O 6. Nc3 dxc4 7. Ne5 Nc6 8. Bxc6 {E06: Closed Catalan: Early deviations} bxc6 9. Nxc6 Qe8 10. Nxe7+ {The position is equal.} Qxe7 11. Qa4 Nd5 (11... c5 12. dxc5 Qxc5 13. Be3 Qc7 14. O-O-O Ng4 15. Rd2 Nxe3 16. fxe3 Rb8 17. Rhd1 a5 18. Kb1 h6 19. Ka1 Rb4 {1-0 (49) Caruana,F (2822)-Nakamura,H (2777) Saint Louis 2018}) 12. Qxc4 a5 13. Bd2 Ba6 14. Qc5 Qd7 15. Rc1 {[#]} Rfb8 $146 ({Predecessor:} 15... a4) 16. b3 Nxc3 17. Rxc3 Rb5 18. Qxc7 Qxd4 19. Be3 Qe4 (19... Qf6 $11) 20. O-O $1 $16 Rbb8 ({Much worse is} 20... Bb7 $6 21. f3 $16) 21. Rfc1 h6 22. f3 Qg6 23. Kf2 a4 24. Qf4 (24. Rc6 $142 Bxe2 25. Kxe2) 24... axb3 25. axb3 Qh5 26. h4 Qd5 (26... e5 $11 {remains equal.} 27. Qe4 Bb7) 27. b4 {[%cal Bb3b4,Bb4c5,Bc5c6,Bc6c7][%mdl 32]} Qb5 28. R1c2 Rc8 29. Rc5 Rxc5 30. bxc5 Bb7 31. Qe5 {Strongly threatening Bd4.} Bd5 {[#]} (31... Qe8 $16 {was called for.} 32. Rc4 f6) 32. c6 $1 $18 {[%mdl 512]} Rc8 (32... Bxc6 33. Rc5) 33. c7 $40 {[%mdl 128] White has strong attack.} Qd7 34. Qc3 f6 35. Bb6 Qb5 36. Rb2 Qa4 37. e4 Bc6 (37... Bb7 $142 38. g4 Kh7) 38. Rd2 Kh7 39. Rd8 Bb7 40. Kg2 Ba6 $2 (40... Qb5 {keeps fighting.}) 41. g4 Qb5 42. Bf2 h5 43. gxh5 {Threatens to win with Qa3.} Qxh5 $2 (43... Qb7 44. Rxc8 Qxc8) 44. Qa3 Qb5 $2 (44... Rxc7 45. Qxa6 Rc3) 45. Qe7 (45. Qf8 $142 Rxc7 46. Qg8+ {[%mdl 64] Double Attack} Kg6 {[#]} 47. Rd5 $1 {[%mdl 512]} Qf1+ 48. Kg3 Qxf2+ 49. Kxf2 exd5 50. h5+ $1 {[%mdl 512]} Kh6 51. Qe8) 45... Qf1+ 46. Kg3 Qc1 47. Rd7 {[%csl Gd7][%cal Re7g7]} Qh6 48. Qxe6 Qg6+ 49. Kh2 Bb5 50. Rd8 Rxc7 51. Qg8+ {Accuracy: White = 74%, Black = 39%.} 1-0

[Event "EICC 2019"]
[Site "Skopia"]
[Date "2019.03.26"]
[Round "8.22"]
[White "Tomashevsky, Evgeny"]
[Black "Antipov, Mikhail Al."]
[Result "1-0"]
[WhiteElo "2705"]
[BlackElo "2594"]
[Annotator "TA"]
[PlyCount "75"]
[EventDate "2019.03.18"]
[EventType "swiss"]
[EventCountry "MKD"]
[SourceTitle "playchess.com"]
[Source "ChessBase"]
[SourceQuality "1"]

{[%evp 9,75,19,21,16,20,21,22,27,36,27,26,30,25,34,23,29,30,33,29,25,41,42,50,56,66,45,67,57,69,79,69,49,67,41,43,43,45,41,44,26,40,43,58,11,16,0,0,0,0,0,10,0,0,0,13,0,14,2,25,26,837,827,744,697,1131,1067,4994,4806]} 1. d4 Nf6 2. Nf3 c6 3. c4 d5 4. Nc3 a6 5. e3 Bf5 6. Bd3 {D15: Slav Defence: 4 Nc3 a6 and gambit lines after 4 Nc3 dxc4} (6. Qb3 Ra7 7. Nh4 Bc8 8. Bd2 e6 9. c5 Nbd7 10. Nf3 e5 11. Nxe5 Nxe5 12. dxe5 Nd7 13. Na4 Bxc5 14. Nxc5 Nxc5 {0-1 (84) Radjabov,T (2757)-Fedoseev,V (2724) Wijk aan Zee 2019}) 6... Bg6 7. O-O e6 8. Re1 {The position is equal.} Nbd7 9. e4 dxe4 10. Nxe4 Nxe4 11. Bxe4 Bxe4 12. Rxe4 Be7 13. Bf4 O-O 14. Qe2 $146 Bf6 15. Rd1 Qa5 16. b3 Rfd8 17. h4 Nf8 18. g4 Be7 19. g5 Bd6 20. Be5 Bxe5 21. Nxe5 Ng6 22. h5 Nxe5 23. Rxe5 Qc7 24. g6 hxg6 25. hxg6 Rd6 26. Rd3 {Black must now prevent c5.} Rf8 27. Rh3 fxg6 28. Rxe6 Rxd4 {aiming for ...Qd7.} 29. Rxg6 Rd6 30. Qh5 {[#] Qh8+ would kill now.} Rxg6+ 31. Qxg6 $11 {[%mdl 4096] Endgame KQR-KQR} Qf4 32. Qh7+ Kf7 33. Rd3 Qg5+ 34. Kf1 Rd8 $2 {[%mdl 8192]} (34... Qf6 $11) 35. Rf3+ $18 {White is clearly winning.} Ke6 {[#]} 36. Rg3 $1 {[%cal Rg3g5]} ({Not} 36. Qe4+ Kd7 $16) 36... Qf5 37. Rg6+ Ke5 38. Qxg7+ {[%mdl 64] Double Attack. Accuracy: White = 72%, Black = 47%.} 1-0

[Event "EICC 2019"]
[Site "Skopia"]
[Date "2019.03.26"]
[Round "8.23"]
[White "Petrov, Nikita"]
[Black "Dubov, Daniil"]
[Result "1/2-1/2"]
[WhiteElo "2591"]
[BlackElo "2703"]
[Annotator "TA"]
[PlyCount "60"]
[EventDate "2019.03.18"]
[EventType "swiss"]
[EventCountry "MKD"]
[SourceTitle "playchess.com"]
[Source "ChessBase"]
[SourceQuality "1"]

{[%evp 9,60,30,31,23,56,34,47,25,30,33,55,28,25,22,27,14,31,30,30,17,21,19,28,14,31,36,39,16,41,14,19,23,29,0,0,0,0,0,0,0,0,0,0,0,0,-17,-16,-21,-21,-15,-21,-14,-12]} 1. e4 c5 2. Nf3 Nc6 3. Bb5 g6 4. Bxc6 dxc6 5. d3 Qc7 (5... Bg7 6. h3 Nf6 7. Nc3 Nd7 8. Be3 e5 9. Qd2 h6 10. O-O b6 11. a3 Nf8 12. b4 Ne6 13. bxc5 f5 14. exf5 gxf5 15. Qe1 O-O 16. Rb1 e4 17. dxe4 {0-1 (36) Wang,H (2730)-Carlsen,M (2835) St Petersburg 2018}) 6. a4 {B31: Sicilian: 2...Nc6 3 Bb5 g6} e5 $146 ({Predecessor:} 6... Nf6 7. h3 e5 8. Nc3 h6 9. a5 Be6 10. b3 Rd8 11. Be3 c4 12. bxc4 Bb4 13. Bd2 Bxa5 {1-0 (28) McDonald,N (2403)-Dargan,P (2126) Daventry 2019}) 7. Be3 Nh6 8. Qc1 {White is slightly better.} Ng4 9. Bd2 Bg7 10. h3 Nf6 11. Bh6 O-O 12. Nc3 Re8 13. Bxg7 Kxg7 14. a5 Be6 15. Qe3 Qd6 16. O-O h6 17. Ne2 Nh5 18. Qd2 Kh7 19. Rfb1 b5 20. axb6 axb6 21. Rxa8 Rxa8 {The position is equal.} 22. b4 Nf6 23. bxc5 Qxc5 24. d4 exd4 25. Qxd4 Qxc2 26. Rb2 $1 {[%cal Rb2c2]} Qa4 $1 ({Not} 26... Ra1+ $2 27. Kh2 $18) 27. Rxb6 Nxe4 28. Qxa4 Rxa4 29. Rxc6 Bc4 30. Ng3 Nxg3 {Accuracy: White = 53%, Black = 63%.} 1/2-1/2

[Event "EICC 2019"]
[Site "Skopia"]
[Date "2019.03.26"]
[Round "8.24"]
[White "Kovalev, Vladislav"]
[Black "Yuffa, Daniil"]
[Result "1/2-1/2"]
[WhiteElo "2703"]
[BlackElo "2582"]
[Annotator "TA"]
[PlyCount "39"]
[EventDate "2019.03.18"]
[EventType "swiss"]
[EventCountry "MKD"]
[SourceTitle "playchess.com"]
[Source "ChessBase"]
[SourceQuality "1"]

{[%evp 11,39,23,22,16,28,0,12,-10,-14,-1,-7,-7,-11,-3,-4,-12,0,-6,0,-33,-18,-35,-41,-43,-41,-40,-16,-26,-27,-13]} 1. e4 c5 2. Nf3 d6 3. d4 Nf6 4. Nc3 cxd4 5. Nxd4 a6 6. g3 e5 7. Nf3 {B91: Sicilian Najdorf: 6 g3} (7. Nde2 Be7 8. Bg2 O-O 9. O-O b5 10. Nd5 Nbd7 11. Nec3 Nb6 12. Nxf6+ Bxf6 13. b3 Be6 14. Ba3 Qc7 15. Qd3 Rfc8 16. Bb4 a5 17. Nxb5 Qxc2 18. Qxc2 Rxc2 19. Bxd6 {½-½ (73) Vachier Lagrave,M (2778)-Wojtaszek,R (2749) Shenzhen 2018}) 7... Be7 8. Nh4 O-O 9. Nf5 {The position is equal.} Bxf5 10. exf5 d5 $146 {next ...d4 is good for Black.} ({Predecessor:} 10... Qc8 11. Bg2 h6 12. g4 d5 13. Nxd5 Nxd5 14. Qxd5 Bb4+ {1-0 (29) Kovalev,V (2664)-Guramishvili,S (2378) Douglas 2018}) 11. Bg2 {[%cal Rc3d5]} d4 12. Ne4 Nxe4 13. Bxe4 Nd7 14. O-O Nc5 15. Qf3 Rc8 16. Bd2 Qb6 17. Rab1 Nxe4 18. Qxe4 Qc6 19. Qxc6 $1 Rxc6 20. c3 {Accuracy: White = 40%, Black = 63%.} 1/2-1/2

[Event "EICC 2019"]
[Site "Skopia"]
[Date "2019.03.26"]
[Round "8.25"]
[White "Wagner, Dennis"]
[Black "Ragger, Markus"]
[Result "0-1"]
[WhiteElo "2580"]
[BlackElo "2696"]
[Annotator "TA"]
[PlyCount "162"]
[EventDate "2019.03.18"]
[EventType "swiss"]
[EventCountry "MKD"]
[SourceTitle "playchess.com"]
[Source "ChessBase"]
[SourceQuality "1"]

{[%evp 15,162,19,26,10,15,12,9,6,39,0,-4,-25,-25,-49,-46,-56,-56,-56,-68,-59,-54,-105,-103,-102,-69,-89,-35,-37,-29,-39,-29,-58,-52,-51,-54,-61,-56,-59,18,14,35,35,29,24,20,19,14,8,8,10,10,-6,42,27,32,23,114,96,125,125,102,145,199,194,411,0,0,0,0,0,0,0,1,8,8,0,0,0,0,0,0,-1122,-1108,-1105,-1094,-1066,-1047,-1031,-1030,-902,-905,-811,-603,-629,-713,-716,-758,-748,-589,-924,-902,-784,-551,-587,-580,-745,-669,-751,-698,-680,-660,-558,-529,-439,-202,-29964,-29962,-29968,-29966,-29967,-29968,-29968,-29968,-29969,-29971,-29974,-29975,-29975,-29976,-29976,-29975,-29976,-29977,-29979,-29980,-29980,-29981,-29981,-29982,-29982,-29983,-29984,-29985,-29985,-29986,-29986,-29987,-29990,-29991]} 1. Nf3 Nf6 2. c4 c5 3. Nc3 d5 4. cxd5 Nxd5 5. d4 Nxc3 6. bxc3 g6 7. e3 Bg7 8. Bb5+ Bd7 9. Be2 {A34: Symmetrical English: 2 Nc3, lines with ...d5} (9. Bd3 O-O 10. O-O Qc7 11. Qe2 Rd8 12. Rb1 e6 13. e4 Nc6 14. Bg5 Re8 15. Qe3 Rac8 16. h4 e5 17. d5 Nd8 18. Nd2 f6 19. Bh6 Bxh6 20. Qxh6 a6 21. c4 Nf7 22. Qe3 f5 {½-½ (22) Buhmann,R (2574)-Tari,A (2614) Germany 2018}) 9... Qa5 10. Bd2 O-O $146 ({Predecessor:} 10... e6 11. h4 Bc6 12. h5 O-O 13. Bd3 Nd7 14. e4 Rfd8 15. a4 Qc7 16. hxg6 hxg6 {½-½ (52) Kolomys,V-Ryzhkov,I (2342) ICCF email 2015}) 11. O-O {The position is equal.} Nc6 12. d5 Ne5 13. c4 Qa6 14. Nxe5 Bxe5 15. Rb1 Bf5 16. Rb5 b6 17. f4 Bg7 18. Be1 ({White should play} 18. a4 $15) 18... Qxa2 $17 {aiming for ...Bd7.} 19. Bd3 Bd7 20. Rb1 Rab8 (20... e6 $17 21. e4 exd5 22. exd5 Rae8) 21. e4 $15 {[#]} b5 $1 {[%mdl 512]} 22. cxb5 c4 23. Bc2 Rxb5 24. Rxb5 Bxb5 25. Bb4 Re8 {Threatens to win with ...a5.} 26. e5 {[#]} Qa6 (26... c3 $1 $15 {[%mdl 512]} 27. Bb3 (27. Bxc3 Bxf1) 27... Qe2) 27. Qd4 $11 Qb7 28. Be4 {[%mdl 1024] White has compensation.} Qc7 29. Ra1 a6 $1 30. h4 Qd7 31. h5 Qg4 32. hxg6 hxg6 33. Rf1 Bh6 (33... c3 $5 {[%cal Rb5f1]} 34. Rf2 Rc8 35. Bxc3 g5 $15) 34. Bc3 {Hoping for e6!} Bg7 ({Much worse is} 34... Bxf4 $6 35. Bxg6 $1 {[%mdl 512]} Qxg6 36. Rxf4 $18) 35. Rf3 Rd8 (35... Bd7 $1 $11 {keeps the balance.}) 36. Qb6 Rc8 37. Qf2 Ba4 38. Rg3 Qd1+ (38... Qh5 $16) 39. Kh2 $1 $18 Bd7 $2 {[#]} (39... Rb8) 40. f5 $2 ({Only move:} 40. e6 $1 $18 {[%cal Re6d7][%mdl 512]} Be8 (40... fxe6 41. Bxg6) 41. exf7+ Bxf7 42. Qe3 Bxc3 43. Qxc3) 40... Qh5+ $1 $11 41. Rh3 Qg5 $1 {[%cal Rd7f5]} 42. e6 Bxc3 43. Rxc3 Be8 44. exf7+ Bxf7 45. fxg6 Bxd5 ({Wrong is} 45... Bxg6 $2 46. Bxg6 Rf8 47. Bh7+ $1 {[%mdl 512]} Kg7 48. Qd4+ Kxh7 49. Rh3+ Kg6 50. Rg3 $18) 46. Bxd5+ Qxd5 {[%mdl 4096] Endgame KQR-KQR} 47. Qh4 {White wants to mate with Qh7+.} Qe5+ {[%mdl 64] Double Attack} 48. Rg3 $2 {[%mdl 8192]} (48. Kg1 $11 Qg7 49. Rxc4) 48... Qh8 $19 49. Qxh8+ Kxh8 {KR-KR} 50. Rc3 Kg7 51. Kg3 Kxg6 52. Kf4 Kf6 53. Ke4 Ke6 54. Kd4 Kd6 55. Ra3 Rc6 56. Kc3 Kd5 57. Ra1 e5 58. Rd1+ Ke4 59. Re1+ Kf4 60. Rf1+ Kg3 $1 {[%cal Rg3g2]} 61. Re1 {[#]} Rc5 $1 62. Kb4 Rb5+ 63. Kxc4 Kxg2 64. Ra1 {[#]} Kf3 $1 65. Rxa6 $2 (65. Rf1+ $19 Ke2 66. Rh1) 65... Rb2 {Black mates.} 66. Rh6 Rd2 67. Rh3+ Kg4 68. Kc3 Rd8 69. Rh1 e4 70. Rh7 e3 71. Re7 Kf3 72. Rf7+ Kg2 73. Re7 Kf2 74. Rf7+ Ke1 75. Kc2 e2 76. Rf6 Rc8+ 77. Kb2 Rc5 78. Rf8 Kd2 79. Rd8+ Ke3 80. Re8+ Kd3 81. Re7 Rc4 {Accuracy: White = 48%, Black = 67%.} 0-1

[Event "EICC 2019"]
[Site "Skopia"]
[Date "2019.03.26"]
[Round "8.26"]
[White "Maze, Sebastien"]
[Black "Eljanov, Pavel"]
[Result "1/2-1/2"]
[WhiteElo "2578"]
[BlackElo "2682"]
[Annotator "TA"]
[PlyCount "122"]
[EventDate "2019.03.18"]
[EventType "swiss"]
[EventCountry "MKD"]
[SourceTitle "playchess.com"]
[Source "ChessBase"]
[SourceQuality "1"]

{[%evp 15,122,27,27,16,30,26,34,28,42,0,20,-2,2,-27,-19,-7,0,0,17,-8,-8,-6,0,-22,-6,-1,-2,-26,0,0,20,14,14,15,10,0,6,-15,-15,-29,-22,-34,-22,-30,-12,-13,-13,-25,-24,-20,0,0,0,-26,-14,-29,-24,-30,-6,-7,0,-11,0,0,0,-10,-13,-18,-13,-17,0,-17,-10,-18,-14,-19,-14,-16,-19,-22,-14,-34,-24,-31,0,0,0,-45,2,0,0,-62,-50,-31,-29,-43,0,0,0,0,0,0,0,0,0,0,0,0,0]} 1. e4 c6 2. Nc3 d5 3. Nf3 dxe4 4. Nxe4 Nf6 5. Qe2 Nxe4 6. Qxe4 Be6 {B11: Caro-Kann: Two Knights Variation} (6... Qa5 7. Bd3 Na6 8. Qe5 Qxe5+ 9. Nxe5 Nb4 10. Be4 f6 11. c3 Nd5 12. Nf3 a5 13. d4 a4 14. Bd2 {½-½ (41) Adams,M (2703)-Howell,D (2696) London 2018}) 7. b3 Nd7 8. Bb2 Nf6 {LiveBook: 5 Games. White has an edge.} 9. Qe2 (9. Qf4 {is interesting.} Nd5 10. Qd4 Bf5 11. Bd3 Bxd3 12. Qxd3 e6 13. O-O) 9... Bg4 $146 ({Predecessor:} 9... Bf5 10. Nh4 Bg4 11. f3 Bd7 12. g3 e6 13. Nf5 Qa5 14. Ne3 {½-½ (75) Harika,D (2498)-Khotenashvili,B (2477) Khanty-Mansiysk 2018}) 10. h3 Bxf3 11. Qxf3 g6 12. d4 Bg7 13. Be2 Qa5+ 14. c3 O-O 15. O-O Rfd8 16. Rfe1 e6 17. Bf1 Nd5 18. a3 Qb6 19. Bc4 Qc7 20. a4 a5 21. Rad1 Rab8 22. Bc1 Qd7 23. Bg5 Re8 24. Bf1 h6 25. Bh4 (25. Bc1 {with more complications.} Rbc8 26. Bd2 h5 27. Bg5 b5 28. Rd2) 25... Ne7 26. Bxe7 (26. Bg3 {is more complex.} Rbd8 27. Qe2 Nd5 28. Qd2 Qe7 29. Bc4) 26... Qxe7 27. Qe4 Qa3 28. Qc2 Rbd8 29. Bd3 Re7 30. h4 h5 31. g3 Qd6 32. Re3 Qd7 33. Qe2 Qc7 34. Kg2 Rd6 35. Be4 Red7 36. Bf3 Qb6 37. Qc4 Bf6 38. Ree1 Kg7 39. Rb1 Qa7 40. Re2 Rc7 41. Re3 Rdd7 42. Ra1 Be7 43. Ra2 Rd8 44. Qe2 Bf6 45. Rd2 Qb8 46. Ra2 Rdd7 47. Rd3 Qd8 48. Be4 Rd6 49. Rf3 Kg8 50. Qc4 Bg7 51. Qc5 Rcd7 52. Qc4 Kh8 53. Qc5 (53. b4 $11) 53... f5 $15 54. Bb1 Rd5 55. Qc4 c5 {[%cal Bc6c5,Bc5d4][%mdl 32]} 56. Re2 {The position is equal.} cxd4 {[#] aiming for ...Rc7.} 57. Rxe6 R7d6 ({Stronger than} 57... dxc3 58. Rxg6 Rc7 59. Qe2 $16) 58. Rxd6 $1 Qxd6 59. Qc8+ Qd8 60. Qxd8+ Rxd8 61. cxd4 Rxd4 {Precision: White = 40%, Black = 44%.} 1/2-1/2

[Event "EICC 2019"]
[Site "Skopia"]
[Date "2019.03.26"]
[Round "8.27"]
[White "Djukic, Nikola"]
[Black "Nisipeanu, Liviu-Dieter"]
[Result "0-1"]
[WhiteElo "2572"]
[BlackElo "2670"]
[Annotator "TA"]
[PlyCount "78"]
[EventDate "2019.03.18"]
[EventType "swiss"]
[EventCountry "MKD"]
[SourceTitle "playchess.com"]
[Source "ChessBase"]
[SourceQuality "1"]

{[%evp 18,78,15,10,17,16,30,30,43,29,68,64,71,64,88,43,67,72,121,69,77,70,80,70,64,16,28,7,33,30,27,22,38,0,0,0,0,0,0,0,0,0,0,-414,-420,-670,-662,-649,-597,-880,-877,-819,-806,-723,-562,-539,-528,-520,-518,-626,-628,-819,-715]} 1. e4 e6 2. d4 d5 3. Nc3 Nf6 4. Bg5 Be7 5. e5 Nfd7 6. Bxe7 Qxe7 7. f4 a6 8. Nf3 c5 9. dxc5 Nxc5 10. Bd3 b5 {C14: French: Classical System: 4 Bg5 Be7 main line} (10... Nc6 11. O-O Bd7 12. Ne2 Rc8 13. Qd2 O-O 14. Ned4 Nxd4 15. Nxd4 Nxd3 16. cxd3 Qc5 17. Qe3 Qb6 18. Rf2 Rc7 19. Re1 {0-1 (46) Sutovsky,E (2666)-Zhou,W (2603) Khanty-Mansiysk 2009}) 11. a3 Bb7 12. O-O Nbd7 {White has an edge.} 13. Qe1 $146 ({Predecessor:} 13. b4 Rc8 14. Qe1 Nxd3 15. cxd3 O-O 16. Ne2 f5 17. Ned4 h6 18. Qe3 {1-0 (38) Savic,M (2503)-Rathnakaran,K (2458) Novi Sad 2016}) 13... Nxd3 14. cxd3 O-O 15. Ne2 d4 16. Nexd4 Nc5 17. Qe3 Qd7 18. Rac1 (18. f5 $16) 18... Rac8 $14 19. b4 Na4 20. Nb3 Bd5 21. d4 Bxb3 22. Qxb3 g6 23. Qe3 Rxc1 24. Rxc1 Rc8 25. Kf2 Rc4 26. g4 Nb6 27. Rxc4 bxc4 28. Ng5 Nd5 29. Qh3 h5 30. Ne4 $2 {[%mdl 8192]} (30. gxh5 $11 Nxf4 31. Qe3 Nxh5 32. Ke1) 30... Qa4 $19 {[#] ...Qc2+ is the strong threat.} 31. Qf3 (31. Qf1 $142 Qxa3 32. Nf6+ Nxf6 33. exf6 hxg4 34. Qxc4 Qf3+ {[%mdl 64] Double Attack} 35. Kg1 Qxf4 36. Qxa6) 31... hxg4 {Black is clearly winning.} 32. Qxg4 Qxa3 33. Nf6+ Nxf6 34. exf6 {[%mdl 4096] Endgame KQ-KQ} Qb2+ 35. Kg3 Qxd4 {[#] Threatens to win with ...Qg1+.} 36. Qe2 Qc3+ 37. Kg4 Qxb4 38. Qd1 Qa5 {( -> ...Qh5+)} 39. Kg3 Qc3+ {Accuracy: White = 52%, Black = 70%.} 0-1

[Event "EICC 2019"]
[Site "Skopia"]
[Date "2019.03.26"]
[Round "8.28"]
[White "Ponomariov, Ruslan"]
[Black "Meshkovs, Nikita"]
[Result "1-0"]
[WhiteElo "2667"]
[BlackElo "2568"]
[Annotator "TA"]
[PlyCount "91"]
[EventDate "2019.03.18"]
[EventType "swiss"]
[EventCountry "MKD"]
[SourceTitle "playchess.com"]
[Source "ChessBase"]
[SourceQuality "1"]

{[%evp 30,91,34,26,36,28,22,29,27,27,11,8,28,30,15,93,216,215,227,228,339,374,557,572,589,510,569,571,697,674,684,685,662,652,612,631,656,649,570,581,571,557,552,547,546,547,494,587,594,492,651,640,612,539,449,352,799,795,712,671,609,602,587,481]} 1. e4 {Morgado,Juan Sebastian} e5 2. Nf3 Nc6 3. Bb5 a6 4. Ba4 Nf6 5. O-O Nxe4 6. d4 b5 7. Bb3 d5 8. dxe5 Be6 9. Nbd2 Nc5 10. c3 Be7 11. Bc2 d4 12. Nb3 {C83: Open Ruy Lopez: 9 c3 Be7} d3 13. Bb1 Nxb3 14. axb3 Bf5 15. Re1 (15. Be3 O-O 16. Bd4 Qd5 17. Re1 d2 18. Re2 Bxb1 19. Rxb1 Nxd4 20. Nxd4 {1-0 (64) Caruana,F (2827)-Mamedyarov,S (2820) Batumi 2018}) 15... O-O 16. h3 {LiveBook: 10 Games} Qd7 17. b4 Rfd8 18. g4 Bg6 19. Ba2 Qc8 {[#]} 20. Bg5 $146 a5 $1 {[%cal Ra5b4]} 21. bxa5 Bxg5 22. Nxg5 d2 (22... Nxa5 $16 {was necessary.} 23. Nxf7 (23. e6 Nc4 $14) 23... Bxf7) 23. Re2 $18 {Strongly threatening e6.} Rxa5 {[#]} 24. b4 $1 {[%cal Rb4a5]} Ra4 {[#]} (24... Ra7 $142 25. e6 h6) 25. e6 $1 {[%cal Be5e6,Be6f7][%mdl 32]} Qa8 (25... fxe6 {was worth a try.} 26. Nxe6 (26. Rxe6 $2 Rxa2 27. Rxa2 Bf7 $19) (26. Bxe6+ $2 Qxe6 27. Nxe6 Rxa1 $19) 26... Rd3 27. Nf4+ Rxa2 28. Rxa2 Rxc3) 26. exf7+ Kh8 27. Rxd2 Rf8 28. Qe2 h6 29. Qe6 Bxf7 30. Nxf7+ Rxf7 31. Qxf7 {Rd7 would kill now.} Ne5 32. Qe6 Nf3+ 33. Kg2 Nxd2+ 34. Bd5 Qf8 35. Rd1 Nc4 36. Bxc4 bxc4 37. Qxc4 c5 38. Qxc5 Qxc5 39. bxc5 {[%mdl 4096] Endgame KR-KR} Rc4 40. Rd5 Kg8 41. f3 Kf7 42. h4 {[%cal Bh3h4,Bh4h5][%mdl 32]} Rxc3 $2 (42... g6 43. h5 gxh5 44. Rxh5 Kg7) 43. h5 {White is clearly winning.} Ke7 44. Kg3 Rc4 45. Kf2 Rc3 46. Ke2 {Precision: White = 89%, Black = 45%.} 1-0

[Event "EICC 2019"]
[Site "Skopia"]
[Date "2019.03.26"]
[Round "8.29"]
[White "Petrosyan, Manuel"]
[Black "Dreev, Aleksey"]
[Result "1/2-1/2"]
[WhiteElo "2564"]
[BlackElo "2662"]
[Annotator "TA"]
[PlyCount "31"]
[EventDate "2019.03.18"]
[EventType "swiss"]
[EventCountry "MKD"]
[SourceTitle "playchess.com"]
[Source "ChessBase"]
[SourceQuality "1"]

{[%evp 9,31,0,0,0,0,0,0,0,0,0,0,0,11,0,0,0,0,0,0,0,0,0,0,0]} 1. d4 d5 2. c4 c6 3. cxd5 cxd5 4. Bg5 (4. Nf3 Nc6 5. Nc3 Nf6 6. Bf4 Bf5 7. e3 e6 8. Bd3 Bxd3 9. Qxd3 Bd6 10. Bxd6 Qxd6 11. O-O O-O {½-½ (11) Dreev,A (2670)-Mamedyarov,S (2817) St Petersburg 2018}) 4... Nc6 5. Nc3 f6 {The position is equal.} 6. Bd2 {D10: Slav Defence: 3 cxd5 (without early Nf3) and 3 Nc3} e5 7. e4 Nxd4 8. Nge2 Nxe2 9. Bxe2 Ne7 10. Qb3 Nc6 {Threatening ...Nd4.} 11. Nxd5 $146 ({Predecessor:} 11. Qxd5 Qxd5 12. Nxd5 {½-½ (44) Farago,I (2362)-Mulyar,M (2374) Budapest 2018}) 11... Nd4 12. Qc4 Bd6 $1 13. Be3 Qa5+ $1 14. Bd2 Qd8 15. Be3 Qa5+ $1 16. Bd2 1/2-1/2